| 000 | 00544nam a2200169Ia 4500 | ||
|---|---|---|---|
| 008 | 110201s9999 xx 000 0 und d | ||
| 082 |
_bB9853 _aS 1934 |
||
| 100 | _aकुंटे जगन्नाथ | ||
| 245 | _aसाधना मस्त | ||
| 260 | _bप्राजक्ता प्रकाशन | ||
| 365 | _b220 | ||
| 600 | _aकुंटे जगन्नाथ | ||
| 630 | _aसाधना मस्त | ||
| 700 | _aकुंटे जगन्नाथ | ||
| 730 | _aसाधना मस्त | ||
| 942 | _cBOOK | ||
| 999 |
_c835273 _d835270 |
||